000 00802nam a2200241 i 4500
003 DO-SdBNP
005 20240913150846.0
007 ta
008 240913s1956 ag ac 000 0 spa d
040 _aDO-SdBNP
_bspa
_cBNPHU
_erda
082 _bA334
_222
100 1 _aAlberti, Rafael
_d1902-1999
_eautor
_986576
245 0 0 _aNoche de guerra en el Museo del Prado
_baguafuerte, en un prólogo y un acto
_cRafael Alberti
264 1 _aBuenos Aires, Argentina :
_bLosange,
_c1956.
300 _a78 páginas,
_bilustraciones, retratos
_c20 cm.
336 _2rdacontent
_atexto
_btxt
337 _2rdamedia
_asin mediación
_bn
338 _2rdacarrier
_avolumen
_bnc
490 1 _aPublicación teatral periódica
_v38
590 _aInventariado, 2024/ YL
910 _aYLockward
942 _2ddc
_cLBS1
999 _c57687
_d57687